[Event "Ankara Ipek Memorial 7th"]
[Site "Ankara"]
[Date "2019.03.09"]
[Round "4"]
[White "Karabacak, Ceylin Deniz"]
[Black "Alkan, Omer Tarik"]
[Result "0-1"]
[WhiteElo "1392"]
[BlackElo "1720"]
[PlyCount "64"]
[EventDate "2019.03.06"]
[EventType "swiss"]
[EventRounds "7"]
[EventCountry "TUR"]
[SourceTitle "CBM 189 Extra"]
[Source "ChessBase"]
[SourceDate "2019.06.03"]
[SourceVersion "1"]
[SourceVersionDate "2019.06.03"]
[SourceQuality "1"]

1. e4 b6 2. d4 Bb7 3. Nc3 e6 4. Be3 d5 5. exd5 exd5 6. Nf3 Nf6 7. h3 Be7 8. Bd3 0-0 9. 0-0 c5 10. Re1 Ba6 11. Bxa6 Nxa6 12. a3 Nc7 13. Ne5 Bd6 14. Bg5 h6 15. Bxf6 gxf6 16. Qg4+ Kh8 17. Nc6 Qc8 18. Qh5 Kg7 19. Nxd5 Nxd5 20. Qxd5 Qd7 21. Ne5 Qd8 22. Nc6 Bh2+ 23. Kxh2 Qxd5 24. Ne7 Qd7 25. dxc5 Rfe8 26. cxb6 axb6 27. c3 Rxe7 28. Red1 Qc7+ 29. Kg1 Re2 30. Rd4 Rae8 31. Rdd1 Qf4 32. Rf1 Rxb2 0-1

[Event "TUR-chT 2nd League"]
[Site "Konya"]
[Date "2018.07.19"]
[Round "6.4"]
[White "Karabacak, Ceylin Deniz"]
[Black "Sedef, Elif Tuana"]
[Result "0-1"]
[WhiteElo "1372"]
[BlackElo "1428"]
[PlyCount "160"]
[EventDate "2018.07.16"]
[EventType "team-swiss"]
[EventRounds "9"]
[EventCountry "TUR"]
[SourceTitle "EXT 2019"]
[Source "ChessBase"]
[SourceDate "2018.10.10"]
[SourceVersion "1"]
[SourceVersionDate "2018.10.10"]
[SourceQuality "1"]
[WhiteTeam "Kocaeli Buyuksehir Belediyesi"]
[BlackTeam "Mezopotamya"]
[WhiteTeamCountry "TUR"]
[BlackTeamCountry "TUR"]

1. e4 e6 2. d4 d5 3. exd5 exd5 4. Bd3 Bd6 5. Nf3 Nf6 6. 0-0 0-0 7. h3 h6 8. Re1 Nbd7 9. Ne5 Re8 10. Bf4 Nf8 11. Nd2 Ne6 12. Be3 c5 13. c3 Qc7 14. Rc1 Bd7 15. Qf3 Be7 16. Bc2 Bc6 17. Nf1 Rac8 18. Nh2 Bd8 19. Nhg4 Nxg4 20. Qxg4 Bg5 21. Bxg5 Nxg5 22. f4 Nh7 23. dxc5 Nf6 24. Qd1 Bb5 25. b4 b6 26. cxb6 Qxb6+ 27. Qd4 Qb7 28. a4 Bd7 29. Nxd7 Qxd7 30. Re5 Rc4 31. Qe3 Rxe5 32. Qxe5 Rc7 33. Re1 Qc6 34. b5 Qc5+ 35. Kh1 Rc8 36. Re3 Qa3 37. Kh2 Qb2 38. Bf5 Rf8 39. c4 Qxe5 40. fxe5 Re8 41. e6 dxc4 42. exf7+ Kxf7 43. Rxe8 Nxe8 44. Kg3 Nd6 45. Bc2 Ke6 46. Kf4 Kf6 47. Ke3 Ke5 48. Bg6 Kd5 49. Kd2 Kd4 50. Bc2 Nb7 51. Bf5 Nc5 52. Bc2 g5 53. Bd1 Ne4+ 54. Kc2 Nc3 55. Kd2 Nd5 56. Bf3 Nb6 57. Bd1 c3+ 58. Ke2 Nd5 59. Bb3 Nb4 60. Kd1 Kd3 61. a5 c2+ 62. Bxc2+ Nxc2 63. b6 axb6 64. axb6 Nb4 65. b7 Nc6 66. Ke1 Ke3 67. Kf1 h5 68. Ke1 g4 69. hxg4 hxg4 70. Kf1 Ke4 71. Kf2 Kf4 72. g3+ Kf5 73. Ke3 Ke5 74. Kd3 Nb4+ 75. Kc4 Na6 76. Kb5 Nb8 77. Kc5 Nd7+ 78. Kc6 Ke6 79. Kc7 Nc5 80. Kc6 Nxb7 0-1

[Event "TUR-chT 2nd League"]
[Site "Konya"]
[Date "2018.07.17"]
[Round "2.1"]
[White "Anacoglu, Cisel"]
[Black "Karabacak, Ceylin Deniz"]
[Result "1/2-1/2"]
[WhiteElo "1790"]
[BlackElo "1372"]
[PlyCount "70"]
[EventDate "2018.07.16"]
[EventType "team-swiss"]
[EventRounds "9"]
[EventCountry "TUR"]
[SourceTitle "EXT 2019"]
[Source "ChessBase"]
[SourceDate "2018.10.10"]
[SourceVersion "1"]
[SourceVersionDate "2018.10.10"]
[SourceQuality "1"]
[WhiteTeam "Ankara DSI Genclik"]
[BlackTeam "Kocaeli Buyuksehir Belediyesi"]
[WhiteTeamCountry "TUR"]
[BlackTeamCountry "TUR"]

1. e4 c5 2. Nf3 d6 3. Bb5+ Bd7 4. Bxd7+ Qxd7 5. c4 Nc6 6. d4 cxd4 7. Nxd4 Nf6 8. Nc3 g6 9. 0-0 Bg7 10. Nc2 0-0 11. b3 Rac8 12. a4 Rfd8 13. Ba3 b6 14. Qd2 Qb7 15. Rad1 Ne5 16. f4 Ned7 17. e5 dxe5 18. Bxe7 Re8 19. fxe5 Rxe7 20. exf6 Nxf6 21. Rf3 Rce8 22. Rdf1 Ne4 23. Nxe4 Qxe4 24. Re1 Bd4+ 25. Ne3 Bxe3+ 26. Rfxe3 Qxe3+ 27. Rxe3 Rxe3 28. Kf2 Rxb3 29. Qd7 Rb2+ 30. Kf3 Rbe2 31. Qxa7 R8e3+ 32. Kf4 Re4+ 33. Kf3 R4e3+ 34. Kf4 Re4+ 35. Kf3 R4e3+ 1/2-1/2

[Event "TUR-ch (Women)"]
[Site "Antalya"]
[Date "2018.03.09"]
[Round "7"]
[White "Karabacak, Ceylin Deniz"]
[Black "Citak, Tuana Umay"]
[Result "1/2-1/2"]
[WhiteElo "1316"]
[BlackElo "1710"]
[PlyCount "136"]
[EventDate "2018.03.05"]
[EventType "swiss"]
[EventRounds "9"]
[EventCountry "TUR"]
[SourceTitle "CBM 183 Extra"]
[Source "ChessBase"]
[SourceDate "2018.04.19"]
[SourceVersion "1"]
[SourceVersionDate "2018.04.19"]
[SourceQuality "1"]

1. d4 Nf6 2. Nc3 e6 3. e4 d5 4. exd5 exd5 5. Nf3 c6 6. Bd3 Bd6 7. Bg5 Be6 8. 0-0 Nbd7 9. Re1 0-0 10. Ne5 Re8 11. h3 Be7 12. f4 Nf8 13. Re3 N6d7 14. Bxe7 Rxe7 15. f5 Nxe5 16. fxe6 Nxd3 17. exf7+ Rxf7 18. Qxd3 Ng6 19. Rf1 Qd7 20. Rxf7 Qxf7 21. Rf3 Qe7 22. Qe3 Qd7 23. Qf2 Re8 24. Re3 Rf8 25. Rf3 Rd8 26. Na4 b6 27. Nc3 Nf8 28. Ne2 Ne6 29. Ng3 Re8 30. c3 Rf8 31. Rxf8+ Nxf8 32. Qf5 Qe8 33. Qf2 Nd7 34. Qe2 Qf7 35. Qf2 Nf6 36. Qe3 Qe8 37. Qxe8+ Nxe8 38. Kf2 Kf7 39. Kf3 Nd6 40. b3 g6 41. Ke3 Kf6 42. Kf4 h6 43. h4 Nb5 44. Ne2 Nc7 45. g4 Ne6+ 46. Ke3 Nc7 47. Kf4 Ne8 48. Ng1 Nd6 49. Ne2 Ne4 50. Ke3 a6 51. c4 g5 52. h5 Ke6 53. a3 Kd6 54. b4 Nf6 55. c5+ Kc7 56. Kf3 Ne4 57. Ke3 Kb7 58. a4 a5 59. bxa5 bxc5 60. dxc5 Nf6 61. Kf3 Nd7 62. Nd4 Ne5+ 63. Kg3 Ka6 64. Nf5 Nf7 65. Ne7 Nd8 66. Nf5 Nf7 67. Ne7 Ne5 68. Nf5 Nf7 1/2-1/2

[Event "TUR-ch (Women)"]
[Site "Antalya"]
[Date "2018.03.07"]
[Round "5"]
[White "Karabacak, Ceylin Deniz"]
[Black "Seb, Gul"]
[Result "1-0"]
[WhiteElo "1316"]
[BlackElo "1161"]
[PlyCount "45"]
[EventDate "2018.03.05"]
[EventType "swiss"]
[EventRounds "9"]
[EventCountry "TUR"]
[SourceTitle "CBM 183 Extra"]
[Source "ChessBase"]
[SourceDate "2018.04.19"]
[SourceVersion "1"]
[SourceVersionDate "2018.04.19"]
[SourceQuality "1"]

1. e4 d6 2. d4 Nf6 3. Nc3 g6 4. Nf3 Bg7 5. Bc4 0-0 6. 0-0 Nxe4 7. Nxe4 d5 8. Bxd5 Qxd5 9. Nc3 Qh5 10. h3 Nc6 11. Bf4 Nb4 12. Bxc7 Bf5 13. g4 Bxg4 14. hxg4 Qxg4+ 15. Bg3 Nxc2 16. Qxc2 Qxf3 17. Qe2 Qf6 18. Rad1 e6 19. Ne4 Qe7 20. Bd6 Qd7 21. Bxf8 Rxf8 22. Nc5 Qc6 23. Qe4 1-0

[Event "TUR-ch (Women)"]
[Site "Antalya"]
[Date "2018.03.06"]
[Round "3"]
[White "Karabacak, Ceylin Deniz"]
[Black "Demirtas, Hafize"]
[Result "0-1"]
[WhiteElo "1316"]
[BlackElo "1802"]
[PlyCount "117"]
[EventDate "2018.03.05"]
[EventType "swiss"]
[EventRounds "9"]
[EventCountry "TUR"]
[SourceTitle "CBM 183 Extra"]
[Source "ChessBase"]
[SourceDate "2018.04.19"]
[SourceVersion "1"]
[SourceVersionDate "2018.04.19"]
[SourceQuality "1"]

1. d4 d5 2. Bf4 Nf6 3. e3 c5 4. c3 Nc6 5. Nd2 Bf5 6. Ngf3 e6 7. Be2 h6 8. h3 c4 9. 0-0 Bd6 10. Ne5 Qc7 11. Ndf3 0-0 12. Re1 Nd7 13. Nxd7 Qxd7 14. Bxd6 Qxd6 15. Qd2 b5 16. Bd1 Rab8 17. Bc2 Be4 18. Bxe4 dxe4 19. Nh2 f5 20. Red1 Rfd8 21. Qc2 Ne7 22. Nf1 Nd5 23. Nd2 Rdc8 24. a4 b4 25. Rdb1 b3 26. Qd1 a5 27. Qe2 Qc6 28. Qh5 Rb7 29. Qe2 Kh7 30. Kh1 Nb6 31. Ra3 Rd7 32. Rba1 Qd5 33. Nf1 Rdd8 34. Ng3 Nd7 35. Rd1 Ne5 36. Nh5 Nd3 37. Nf4 Qd6 38. g3 e5 39. Nxd3 exd3 40. Qf3 Rf8 41. Qb7 exd4 42. exd4 Qe6 43. Qf3 Rce8 44. Raa1 Qe2 45. Qxe2 Rxe2 46. Rab1 Rxf2 47. Rf1 Re2 48. Rfe1 Rfe8 49. Rf1 d2 50. g4 f4 51. Rbd1 R8e3 52. Kg1 Rg3+ 53. Kh1 Rxh3+ 54. Kg1 f3 55. Rf2 Rg3+ 56. Kf1 Rxg4 57. Rxe2 Rg1+ 58. Kxg1 fxe2 59. Ra1 0-1